Making colourful wire & beaded jewellery : 35 fabulous design

Bibliographic Details
Main Author: Jones, Linda
Format: Book
Published: London : Cico Books , 2006
Subjects:

MARC

LEADER 00000cam a2200000 7i4500
001 0000019692
005 20080618.0
008 080618
020 |a 1904991351 
090 0 0 |a 745.5942   |b JON 
100 1 |a Jones, Linda 
245 1 0 |a Making colourful wire & beaded jewellery :   |b 35 fabulous design   |c Linda Jones 
246 0 0 |a Making colourful wire and beaded jewellery   |b thirty five fabulous design 
260 |a London :   |b Cico Books ,   |c 2006 
650 0 |a Beadwork 
650 0 |a Jewelry making 
650 0 |a Wire craft 
999 |a 0001022314   |b Book   |c Adult Collection   |e Perbadanan Perpustakaan Awam Johor